Sports Quiz

Random Sports or WWE Quiz

NWA World Heavyweight Champions Quiz Stats

 Plays Quiz Updated Sep 4, 2021

Support Sporcle.
Go Orange.
Score 0/97 Timer 06:00
1 Play Today
Year Wrestler % Correct
1981Ric Flair
95.4%
1983Ric Flair
95.4%
1984Ric Flair
95.4%
1984Ric Flair
95.4%
1986Ric Flair
95.4%
1987Ric Flair
95.4%
1989Ric Flair
95.4%
1991Ric Flair
95.4%
1991Ric Flair
95.4%
1993Ric Flair
95.4%
1990Sting
86.7%
2006Sting
86.7%
2018Cody
86.6%
1979Dusty Rhodes
82.3%
1981Dusty Rhodes
82.3%
1986Dusty Rhodes
82.3%
1973Harley Race
76.4%
1977Harley Race
76.4%
1979Harley Race
76.4%
1979Harley Race
76.4%
1980Harley Race
76.4%
1981Harley Race
76.4%
1983Harley Race
76.4%
1984Harley Race
76.4%
2002Jeff Jarrett
71.8%
2005Jeff Jarrett
71.8%
2003Jeff Jarrett
71.8%
2004Jeff Jarrett
71.8%
2005Jeff Jarrett
71.8%
2006Jeff Jarrett
71.8%
2003A.J. Styles
70.3%
2004A.J. Styles
70.3%
2005A.J. Styles
70.3%
Year Wrestler % Correct
1989Ricky Steamboat
66.8%
2018Nick Aldis
64%
1975Terry Funk
61.8%
1969Dory Funk, Jr.
61.4%
1949Lou Thesz
60%
1956Lou Thesz
60%
1963Lou Thesz
60%
2006Christian Cage
54.5%
2007Christian Cage
54.5%
2002Ron Killings
54.1%
2004Ron Killings
54.1%
1961Buddy Rogers
53.8%
2002Ken Shamrock
52.5%
1993Barry Windham
50.7%
1984Kerry Von Erich
50.6%
2006Abyss
48.7%
2017Nick Aldis
48.6%
1994Shane Douglas
47.5%
1987Ron Garvin
47%
1973Jack Brisco
46.1%
1974Jack Brisco
46.1%
2005Raven
46%
2021Trevor Murdoch
44.1%
2005Rhino
42.6%
1995Dan Severn
41.2%
2002Dan Severn
41.2%
1993The Great Muta
40.3%
2016Tim Storm
38.9%
1974Giant Baba
37.2%
1979Giant Baba
37.2%
1980Giant Baba
37.2%
1981Tommy Rich
36.1%
2007Adam Pearce
35.7%
Year Wrestler % Correct
2008Adam Pearce
35.7%
2010Adam Pearce
35.7%
2011Adam Pearce
35.7%
2012Adam Pearce
35.6%
2011Colt Cabana
35.6%
2012Colt Cabana
35.6%
1948Orville Brown
34.1%
1991Tatsumi Fujinami
32.9%
1992Masahiro Chono
31.3%
2000Sabu
30.6%
2013Rob Conway
29.7%
2014Rob Conway
29.5%
1994Chris Candido
27.9%
1966Gene Kiniski
27.8%
1959Pat O'Connor
27.5%
2001Steve Corino
25.5%
2011The Sheik II
24.5%
2008Blue Demon, Jr.
23.3%
1956'Whipper' Billy Watson
23.2%
2015Jax Dane
20%
2000Mike Rapada
19.9%
2000Mike Rapada
19.9%
2008Brent Albright
19.1%
2015Hiroyoshi Tenzan
18.7%
1999Naoya Ogawa
18.7%
1999Naoya Ogawa
18.7%
1999Gary Steele
18.5%
2001Shinya Hashimoto
18.4%
1957Dick Hutton
17.5%
2014Satoshi Kojima
17%
2012Kahagas
15.3%

From the Vault

5-Letter State Capitals

by Headers2304

Geography 60s
Coincidentally, the state capitals with the smallest names are some of the smallest capitals.
Remove Ads.
Support Sporcle.
Get the best of Sporcle when you Go Orange. This ad-free experience offers more features, more stats, and more fun while also helping to support Sporcle. Thank you for becoming a member.

Show Comments

Extras

Top Quizzes Today


Score Distribution

Your Account Isn't Verified!

In order to create a playlist on Sporcle, you need to verify the email address you used during registration. Go to your Sporcle Settings to finish the process.

Report this User

Report this user for behavior that violates our Community Guidelines.

Details: